MyGZULibrary

Surveys of economically active population, employment, unemployment, and underemployment : (Record no. 9023)

MARC details
000 -LEADER
fixed length control field 01130cam a2200301 a 4500
001 - CONTROL NUMBER
control field 608499
003 - CONTROL NUMBER IDENTIFIER
control field GZU
005 - DATE AND TIME OF LATEST TRANSACTION
control field 20210527130032.0
008 - FIXED-LENGTH DATA ELEMENTS--GENERAL INFORMATION
fixed length control field 911017s1990 sz a b i001 0 eng
010 ## - LIBRARY OF CONGRESS CONTROL NUMBER
LC control number 91206518
020 ## - INTERNATIONAL STANDARD BOOK NUMBER
International Standard Book Number 9221065162 :
Terms of availability 40 Swiss francs
040 ## - CATALOGING SOURCE
Original cataloging agency DLC
Transcribing agency DLC
Modifying agency OCoLC
050 00 - LIBRARY OF CONGRESS CALL NUMBER
Classification number HD5706
Item number .HUS 1990
100 1# - MAIN ENTRY--PERSONAL NAME
Personal name Hussmanns, Ralf.
Relator term author
245 10 - TITLE STATEMENT
Title Surveys of economically active population, employment, unemployment, and underemployment :
Remainder of title an ILO manual on concepts and methods /
Statement of responsibility, etc. Ralf Hussmanns, Farhad Mehran, and Vijay Verma.
260 ## - PUBLICATION, DISTRIBUTION, ETC.
Place of publication, distribution, etc. Geneva :
Name of publisher, distributor, etc. International Labour Office,
Date of publication, distribution, etc. 1990.
300 ## - PHYSICAL DESCRIPTION
Extent xvi, 409 p. :
Other physical details ill. ;
Dimensions 27 cm.
504 ## - BIBLIOGRAPHY, ETC. NOTE
Bibliography, etc. note Includes bibliographical references and index.
650 #0 - SUBJECT ADDED ENTRY--TOPICAL TERM
Topical term or geographic name entry element Labor supply.
650 #0 - SUBJECT ADDED ENTRY--TOPICAL TERM
Topical term or geographic name entry element Unemployment.
650 #0 - SUBJECT ADDED ENTRY--TOPICAL TERM
Topical term or geographic name entry element Underemployment.
700 1# - ADDED ENTRY--PERSONAL NAME
Personal name Mehran, Farhad,
Dates associated with a name 1945-
Relator term author
700 1# - ADDED ENTRY--PERSONAL NAME
Personal name Varmā, Vijaya,
Dates associated with a name 1935-
Relator term author
710 2# - ADDED ENTRY--CORPORATE NAME
Corporate name or jurisdiction name as entry element International Labour Office.
906 ## - LOCAL DATA ELEMENT F, LDF (RLIN)
a 7
b cbc
c orignew
d 3
e ncip
f 19
g y-gencatlg
942 ## - ADDED ENTRY ELEMENTS (KOHA)
Source of classification or shelving scheme Library of Congress Classification
Koha item type Books
Classification part 5706
Item part HUS
Call number prefix HD
Holdings
Withdrawn status Lost status Source of classification or shelving scheme Damaged status Not for loan Collection code Home library Current library Shelving location Date acquired Source of acquisition Total Checkouts Full call number Barcode Date last seen Copy number Price effective from Koha item type
    Library of Congress Classification     Non-fiction City Campus Library City Campus Library General Stacks 05/27/2021 International Labour Office - Harare Office   HD5706 HUS 1990 028318 05/27/2021 c. 1 05/27/2021 Books